书目信息 |
| 题名: |
无形的海洋
|
|
| 作者: | 卡里采夫 , 瓦金 著 ;孙德佩 译 | |
| 分册: | ||
| 出版信息: | 北京 科学普及出版社 1981 |
|
| 页数: | 88页 | |
| 开本: | 19cm | |
| 丛书名: | ||
| 单 册: | ||
| 中图分类: | P641.1-49 , N49 | |
| 科图分类: | ||
| 主题词: | 地下水水文地质学--普及读物 , 自然科学--普及读物 | |
| 电子资源: | ||
| ISBN: | ||
| 000 | 00817nam0 2200289 45 | |
| 001 | 0181004683 | |
| 005 | 20040517155414.2 | |
| 010 | @dCNY0.27 | |
| 091 | @a1305.1181 | |
| 100 | @a19950309d1981 em y0chiy0121 ea | |
| 101 | 1 | @achi@crus |
| 102 | @aCN@b110000 | |
| 105 | @ay z 000yy | |
| 106 | @ar | |
| 200 | 10 | @a无形的海洋@Awu xing de hai yang@f(苏)А.А.卡里采夫,(苏)С.Б.瓦金著@g孙德佩译 |
| 210 | @a北京@c科学普及出版社@d1981 | |
| 215 | @a88页@d19cm | |
| 606 | @a地下水水文地质学@x普及读物 | |
| 606 | 0 | @a自然科学@x普及读物 |
| 690 | @aP641.1-49@v3 | |
| 690 | @aN49 | |
| 701 | 1 | @a卡里采夫@Aka li cai fu@bА.А.@4著 |
| 701 | 1 | @a瓦金@Awa jin@bС.Б.@4著 |
| 702 | 0 | @a孙德佩@Asun de pei@4译 |
| 801 | 0 | @aCN@b上海图书馆@c20040517 |
| 801 | 2 | @aCN@bNLC@c20040517 |
| 905 | @f2@b49830-831@dN49@e83 | |
| 无形的海洋/(苏)А.А.卡里采夫,(苏)С.Б.瓦金著/孙德佩译.-北京:科学普及出版社,1981 |
| 88页;19cm |
| ISBN :CNY0.27 |
| ● |
| 相关链接 |
|
|
|
|
正题名:无形的海洋
索取号:N49/83
 
预约/预借
| 序号 | 登录号 | 条形码 | 馆藏地/架位号 | 状态 | 备注 |
| 1 | 0049830 | 000567363 | 第三借阅区/ [索取号:N49/83] | 在馆 | |
| 2 | 0049831 | 000567345 | 第三借阅区/ [索取号:N49/83] | 在馆 | |
| 3 | 0049832 | 000567354 | 第二样本阅览室/ [索取号:N49/83] | 在馆 |